01034 2200337 4500001002100000005001500021035002000036007000300056008004100059020002200100040001700122082001400139084001600153090001800169100002000187245016200207250004100369260003300410300004600443650001600489650001800505700001900523700001500542700002700557850001200584041000800596490003900604710001700643990001800660990001800678INLIS00000000081748420181025084550 a0010-1018000364ta181016r2017 jbijbia b 1 |dind d a978-602-420-471-6 aYOPDYOGbind04223a028.5 a028.5 SCH t aK 028.5 SCH t0 aTasya Anzellyta1 aSchool green ambassador /cTasya Anzellyta; Komik, Nalar Studio; penyunting naskah, Dadan Ramadhan , Huda Wahid; penyunting ilustrasi, Gagat Ekasakti Pertiwi aCetakan I, Syawwal 1438 H/ Juli 2017 aBandung :bDar! mizan,c2017 a87 halaman :bilustrasi berwarna ;c21 cm 4aBacaan anak 4aKomik, Bacaan0 aDadan Ramadhan0 aHuda Wahid0 aGagat Ekasakti Pertiwi aYOPDYOG0 aind aSeri Novel Kecil-kecil punya karya2 aNalar Studio a36060-PD/B.18 a36061-PD/B.18